00719nam a2200169 i 4500001000700000003000900007005001700016008004100033245020200074250001200276260004300288300003400331500001700365650001300382700002800395852012600423188230ES-MaACL20230906223140.0180626s1947 sp g |||| | spa d00aMisal romano latino-español b: con todas las Misas propias de España y los nuevos Santos intercalados en su día ; precedido de un breve Devocionario / cpor el Rdo. P. Baltasar del Castillo. a3ª ed. aBarcelona : bJosé Vilamala, c1947. a1224 p. : bmús. ; c17 cm. aApéndices. 4aMisales.1 aCastillo, Baltasar del. aES-MaACLjL-32090 z- Enc. guaflex con cantos dorados z. - Donat. herederos de la bibl. de Mª del Pilar Costa Palacín